<?xml version="1.0" encoding="UTF-8"?>
<record
    xmlns:xsi="http://www.w3.org/2001/XMLSchema-instance"
    xsi:schemaLocation="http://www.loc.gov/MARC21/slim http://www.loc.gov/standards/marcxml/schema/MARC21slim.xsd"
    xmlns="http://www.loc.gov/MARC21/slim">

  <leader>00533nam a2200181Ia 4500</leader>
  <controlfield tag="005">20250923145727.0</controlfield>
  <controlfield tag="008">008  250917s9999    xx            000 0 eng d</controlfield>
  <datafield tag="037" ind1=" " ind2=" ">
    <subfield code="a">Textual</subfield>
  </datafield>
  <datafield tag="040" ind1=" " ind2=" ">
    <subfield code="a">DSWL</subfield>
    <subfield code="b">eng</subfield>
    <subfield code="c">DSWL</subfield>
  </datafield>
  <datafield tag="041" ind1=" " ind2=" ">
    <subfield code="a">eng</subfield>
    <subfield code="2">eng</subfield>
  </datafield>
  <datafield tag="084" ind1=" " ind2=" ">
    <subfield code="a">YX;5.2Q7Z, N78</subfield>
    <subfield code="q">DSWL</subfield>
  </datafield>
  <datafield tag="100" ind1=" " ind2=" ">
    <subfield code="a">Khan, N.I. </subfield>
    <subfield code="9">838358</subfield>
  </datafield>
  <datafield tag="245" ind1=" " ind2="0">
    <subfield code="a">Social welfare services in Bangladesh</subfield>
    <subfield code="c">by N.I. Khan</subfield>
  </datafield>
  <datafield tag="260" ind1=" " ind2=" ">
    <subfield code="a">Banglades</subfield>
    <subfield code="b">Deptt. of Socail Welfare</subfield>
    <subfield code="c">1978</subfield>
  </datafield>
  <datafield tag="300" ind1=" " ind2=" ">
    <subfield code="a">xiv,94p.</subfield>
  </datafield>
  <datafield tag="942" ind1=" " ind2=" ">
    <subfield code="c">TEXL</subfield>
    <subfield code="h">YX;5.2Q7Z, N78</subfield>
  </datafield>
  <datafield tag="999" ind1=" " ind2=" ">
    <subfield code="c">1454886</subfield>
    <subfield code="d">1454886</subfield>
  </datafield>
  <datafield tag="952" ind1=" " ind2=" ">
    <subfield code="0">0</subfield>
    <subfield code="1">0</subfield>
    <subfield code="4">0</subfield>
    <subfield code="7">0</subfield>
    <subfield code="a">DSWL</subfield>
    <subfield code="b">DSWL</subfield>
    <subfield code="d">2025-09-23</subfield>
    <subfield code="e">Gifted by HoD</subfield>
    <subfield code="i">Gifted</subfield>
    <subfield code="l">0</subfield>
    <subfield code="o">YX;5.2Q7Z, N78</subfield>
    <subfield code="p">SW0022647</subfield>
    <subfield code="r">2025-09-23 14:57:27</subfield>
    <subfield code="w">2025-09-23</subfield>
    <subfield code="y">TEXL</subfield>
  </datafield>
</record>
